000 00228nam a2200121Ia 4500
100 _a#N/A
942 _cBK
245 _aPrinciples of computer security
260 _b#N/A
082 _b22017
546 _aENGLISH
999 _c18371
_d18371